01241 2200277 4500001002100000005001500021035002000036007000300056008004100059020002200100082001300122084002200135100003100157245006300188250004100251300004100292650002400333650002100357520043400378264004500812336002100857337003000878338002300908990001600931990001600947INLIS00000000116426220240808032830 a0010-0824000084ta240808 g 0 ind  a978-623-7453-65-9 a910.2598 aSR 910.2598 NUR m1 aNur Shofyanto, M.epenulis1 aMenjelajahi wisata di Kepulauan Seribu /cM. Nur Shofyanto aEdisi Pertama, Cetakan Pertama, 2020 aiv, 96 halaman :bilustrasi ;c28 cm 4aIndustri pariwisata 4aKepulauan Seribu aBuku Menjelajahi wisata di Kepulauan Seribu ini akan mengupas berbagai pengetahuan terhadap ragam potensi pariwisata di DKI Jakarta yang mungkin jarang diketahui khalayak. Buku ini mengajak para pembaca untuk menggali potensi wisata dan melestarikan budaya di DKI Jakarta. Penulis berharap dengan membaca buku ini, generasi muda dapat meningkatakan pengetahuan dan pemahaman tentang keragaman pariwisata dan budaya di DKI Jakarta aDepok :bGraha Khalifah Mediatama,c2023 2rdacontentateks 2rdamediaatanpa perantara 2rdacarrieravolume a53866.66686 a53867.66687